| 000 | 00373nam a22001457a 4500 | ||
|---|---|---|---|
| 005 | 20250920101239.0 | ||
| 008 | 250920b |||||||| |||| 00| 0 eng d | ||
| 020 | _a9788174732316 | ||
| 050 |
_aPR4745 _b.AI HAR |
||
| 100 | _aHARDY THOMAS | ||
| 245 | _aFAR FROM THE MADDING CROWD | ||
| 260 |
_aKRISHAN NAGAR _bA.I. T. B, S, _cc2005 |
||
| 300 | _avii, 374 | ||
| 942 |
_2lcc _cBK _n0 |
||
| 999 |
_c7616 _d7616 |
||